Culture générale #2 - Statistiques

Statistiques générales
  • Ce quiz a été pris 59 fois
    11 depuis la dernière actualisation
  • Le résultat moyen est 4 sur 15
Statistiques - réponses
Questions Réponses % Correct
Plus grand mammifère. Baleine bleue
63%
Capitale du Sénégal Dakar
50%
Président américain à l'origine du scandale du Watergate Richard Nixon
50%
Pays dont le drapeau comporte un dragon Bhoutan
38%
Auteur de "L'Écume des jours" Boris Vian
38%
Père de Charlemagne. Pépin le Bref
38%
Capitale de l'Utah (au nom salé), connue pour abriter une importante communauté mormone. Salt Lake City
38%
Titre le plus écouté (et vu) sur YouTube avec plus de 14 milliards de vues Baby Shark dance
25%
Plus grand arbre du monde Séquoia à feuilles d'if
25%
Plus grand empire de tout les temps Empire britannique
13%
La "Corée du Nord" d'Afrique. Érythrée
13%
Officier royaliste qui dirige l’insurrection vendéenne contre la République pendant la Révolution française avant d’être capturé et fusillé en 1796. François Athanase de Charette de La Contrie
13%
Roi de l’Empire néo-babylonien au VIᵉ siècle av. J.-C., connu pour avoir fait de Babylone une grande puissance et pour la conquête de Jérusalem en 586 av. J.-C., qui entraîne la déportation des Hébreux à Babylone ou nom d'une bouteille de 15 litres. Nabuchodonosor
13%
Acteur principal ukrainien de la série "Serviteur du peuple" racontant l'élection d'un professeur d'histoire devenu président de l'Ukraine Volodymyr Zelensky
13%
Chef le plus étoilé de l’histoire qui a cumulé 32 étoiles au Guide Michelin dans ses différents restaurants à travers le monde réputé pour sa purée de pomme de terre. Joël Robuchon
0%
Aucun quiz correspondant
Distribution des résultats
% des personnes avec chaque résultat
Percentile par nombre de réponses
Votre historique - résultats
Vous n’avez pas pris ce quiz depuis la dernière actualisation